[Event "Titled Tuesday intern op 27th Feb Late"]
[Site "Chess.com INT"]
[Date "2024.02.27"]
[Round "8"]
[White "Truskavetsky, Alexandr"]
[Black "Morales Garcia, Sergio Joshafatt"]
[Result "1-0"]
[WhiteElo "2348"]
[BlackElo "2249"]
[PlyCount "77"]
[EventDate "2024.02.27"]
[EventType "swiss (blitz)"]
[EventRounds "11"]
[EventCountry "USA"]
[SourceTitle "CB10_2024"]
[SourceDate "2024.03.06"]
[SourceVersion "1"]
[SourceVersionDate "2024.03.06"]
[SourceQuality "1"]

1. d4 d5 2. c4 c6 3. Nf3 Nf6 4. e3 Bf5 5. Bd3 Bxd3 6. Qxd3 e6 7. 0-0 c5 8. b3 Nc6 9. Bb2 dxc4 10. bxc4 Be7 11. Nc3 0-0 12. Rad1 Qa5 13. a3 Rfd8 14. d5 Bf8 15. e4 Qb6 16. Ba1 Qb3 17. Rb1 Qxa3 18. Rxb7 Nb4 19. Qe2 exd5 20. cxd5 Re8 21. Qc4 Nc2 22. Bb2 Qa5 23. e5 Nh5 24. d6 Re6 25. Rxf7 Rae8 26. Ng5 Qb4 27. Rxf8+ Kxf8 28. Nxe6+ Kg8 29. Qa2 c4 30. Qxa7 Rxe6 31. Qa8+ Kf7 32. Qf3+ Kg8 33. Qxh5 Qxb2 34. Qg4 Kf7 35. Qxc4 Qb7 36. Ne4 Na3 37. Qxe6+ Kxe6 38. Nc5+ Kxe5 39. Nxb7 1-0

[Event "Titled Tuesday intern op 13th Feb Early"]
[Site "Chess.com INT"]
[Date "2024.02.13"]
[Round "5"]
[White "Morales Garcia, Sergio Joshafatt"]
[Black "Putri, Regita Desyari"]
[Result "0-1"]
[WhiteElo "2249"]
[BlackElo "1863"]
[PlyCount "74"]
[EventDate "2024.02.13"]
[EventType "swiss (blitz)"]
[EventRounds "11"]
[EventCountry "USA"]
[SourceTitle "CB08_2024"]
[SourceDate "2024.02.21"]
[SourceVersion "1"]
[SourceVersionDate "2024.02.21"]
[SourceQuality "1"]

1. d4 Nf6 2. c4 e6 3. Nf3 b6 4. g3 Ba6 5. b3 Bb4+ 6. Bd2 Be7 7. Bc3 0-0 8. Nbd2 d5 9. Bg2 Bb7 10. 0-0 Nbd7 11. a3 c5 12. Rc1 cxd4 13. Nxd4 Bxa3 14. Ra1 Be7 15. Qb1 a6 16. Rd1 Qc7 17. Qb2 Nc5 18. N4f3 Rfd8 19. h3 dxc4 20. bxc4 Nce4 21. Be5 Qc5 22. Bd4 Qc8 23. Bxb6 Rd7 24. Rac1 Bc5 25. e3 Qc6 26. Bxc5 Qxc5 27. Ne5 Rxd2 28. Rxd2 Nxd2 29. Qxb7 Rf8 30. Nd7 Nxd7 31. Qxd7 a5 32. Qxd2 h6 33. Qd4 Qa3 34. Rd1 Rc8 35. h4 a4 36. Be4 Qc5 37. Bb1 Qe7 0-1

[Event "Titled Tuesday intern op 13th Feb Late"]
[Site "Chess.com INT"]
[Date "2024.02.13"]
[Round "8"]
[White "Morales Garcia, Sergio Joshafatt"]
[Black "Smieszek, Wojciech"]
[Result "1-0"]
[WhiteElo "2249"]
[BlackElo "2130"]
[PlyCount "57"]
[EventDate "2024.02.13"]
[EventType "swiss (blitz)"]
[EventRounds "11"]
[EventCountry "USA"]
[SourceTitle "CB08_2024"]
[SourceDate "2024.02.21"]
[SourceVersion "1"]
[SourceVersionDate "2024.02.21"]
[SourceQuality "1"]

1. d4 Nf6 2. c4 c5 3. d5 e6 4. Nc3 exd5 5. cxd5 d6 6. e4 g6 7. Nge2 Bg7 8. Ng3 0-0 9. Bd3 Re8 10. 0-0 a6 11. a4 Nbd7 12. f4 Qc7 13. Kh1 c4 14. Bc2 Nc5 15. f5 h5 16. Bg5 Ng4 17. e5 Bxe5 18. fxg6 f6 19. Bh4 Qg7 20. Nf5 Bxf5 21. Bxf5 Ne3 22. Qxh5 Nxf1 23. Rxf1 Nd3 24. Qg4 Re7 25. Be6+ Kf8 26. Ne4 Rae8 27. Nxf6 Bxf6 28. Bxf6 Qh6 29. Bd4+ 1-0

[Event "Titled Tuesday intern op 13th Feb Late"]
[Site "Chess.com INT"]
[Date "2024.02.13"]
[Round "5"]
[White "Nasuta, Grzegorz"]
[Black "Morales Garcia, Sergio Joshafatt"]
[Result "1-0"]
[WhiteElo "2558"]
[BlackElo "2249"]
[PlyCount "63"]
[EventDate "2024.02.13"]
[EventType "swiss (blitz)"]
[EventRounds "11"]
[EventCountry "USA"]
[SourceTitle "CB08_2024"]
[SourceDate "2024.02.21"]
[SourceVersion "1"]
[SourceVersionDate "2024.02.21"]
[SourceQuality "1"]

1. e4 c5 2. Nf3 e6 3. d4 cxd4 4. Nxd4 Nc6 5. Nc3 Qc7 6. Be3 a6 7. a3 b5 8. Nxc6 Qxc6 9. Be2 Bb7 10. 0-0 Nf6 11. Bf3 Qc7 12. e5 Ng8 13. Re1 Ne7 14. Bxb7 Qxb7 15. Bc5 Nc6 16. Bxf8 Kxf8 17. Qd6+ Kg8 18. Rad1 Rd8 19. Ne4 h6 20. Nc5 Qc8 21. Re3 Kh7 22. Rc3 Qb8 23. f4 b4 24. axb4 Qxb4 25. Qd3+ g6 26. Nxd7 Kg7 27. Rxc6 Qxf4 28. Rd6 Rc8 29. Rf1 Qb4 30. Qf3 f5 31. exf6+ Kf7 32. Ne5+ 1-0

[Event "Titled Tuesday intern op 06th Feb Early"]
[Site "Chess.com INT"]
[Date "2024.02.06"]
[Round "3"]
[White "Gorovets, Andrey"]
[Black "Morales Garcia, Sergio Joshafatt"]
[Result "1-0"]
[WhiteElo "2480"]
[BlackElo "2249"]
[PlyCount "61"]
[EventDate "2024.02.06"]
[EventType "swiss (blitz)"]
[EventRounds "11"]
[EventCountry "USA"]
[SourceTitle "CB07_2024"]
[SourceDate "2024.02.14"]
[SourceVersion "1"]
[SourceVersionDate "2024.02.14"]
[SourceQuality "1"]

1. Nf3 c5 2. c4 Nc6 3. Nc3 Nf6 4. d4 cxd4 5. Nxd4 e6 6. g3 Bc5 7. Nb3 Be7 8. Bg2 0-0 9. 0-0 b6 10. Bf4 a6 11. Nd5 exd5 12. cxd5 Bb7 13. d6 Re8 14. dxe7 Qxe7 15. Re1 d5 16. Be3 d4 17. Nxd4 Nxd4 18. Qxd4 Bxg2 19. Kxg2 Rad8 20. Qxb6 Nd5 21. Qb3 Qe4+ 22. Kg1 Rb8 23. Qa3 Nxe3 24. fxe3 h5 25. Rad1 Qe5 26. Rd4 Qxe3+ 27. Qxe3 Rxe3 28. Kf2 Re5 29. b3 Rc5 30. Red1 Rb6 31. Rd5 1-0

[Event "Titled Tuesday intern op 06th Feb Early"]
[Site "Chess.com INT"]
[Date "2024.02.06"]
[Round "2"]
[White "Morales Garcia, Sergio Joshafatt"]
[Black "Swiatlowski, Lukasz"]
[Result "1-0"]
[WhiteElo "2249"]
[BlackElo "2199"]
[PlyCount "45"]
[EventDate "2024.02.06"]
[EventType "swiss (blitz)"]
[EventRounds "11"]
[EventCountry "USA"]
[SourceTitle "CB07_2024"]
[SourceDate "2024.02.14"]
[SourceVersion "1"]
[SourceVersionDate "2024.02.14"]
[SourceQuality "1"]

1. d4 Nf6 2. c4 g6 3. Nc3 Bg7 4. e4 d6 5. Nf3 0-0 6. Be2 Bg4 7. Be3 Nfd7 8. Qd2 Nc6 9. 0-0-0 Bxf3 10. Bxf3 e5 11. dxe5 Ncxe5 12. Be2 a6 13. Bh6 b5 14. Bxg7 Kxg7 15. cxb5 axb5 16. Bxb5 Nc5 17. f4 Ned7 18. Bxd7 Qxd7 19. Qd4+ Kg8 20. Qxc5 Rfb8 21. Qd4 Rb6 22. Nd5 Qc6+ 23. Kb1 1-0

[Event "Titled Tuesday intern op 16th Jan Early"]
[Site "Chess.com INT"]
[Date "2024.01.16"]
[Round "10"]
[White "Doshi, Moksh Amitbhai"]
[Black "Morales Garcia, Sergio Joshafatt"]
[Result "0-1"]
[WhiteElo "2355"]
[BlackElo "2249"]
[PlyCount "74"]
[EventDate "2024.01.16"]
[EventType "swiss (blitz)"]
[EventRounds "11"]
[EventCountry "USA"]
[SourceTitle "CB04_2024"]
[SourceDate "2023.10.16"]
[SourceVersion "1"]
[SourceVersionDate "2023.10.16"]
[SourceQuality "1"]

1. d4 d5 2. c4 c6 3. Nf3 Nf6 4. Nc3 e6 5. cxd5 exd5 6. Bf4 Bf5 7. e3 Nbd7 8. Nh4 Be6 9. Bd3 h6 10. Nf5 Nb6 11. 0-0 Qd7 12. Ng3 Bd6 13. Be5 Bxe5 14. dxe5 Ng4 15. f4 Nxe3 16. Qf3 Nxf1 17. Rxf1 Nc4 18. Nh5 Bg4 19. Nxg7+ Kf8 20. Qg3 Kxg7 21. h3 h5 22. f5 Qc7 23. Bxc4 dxc4 24. hxg4 h4 25. Qf4 Rae8 26. Re1 h3 27. Qg5+ Kf8 28. Qf6 Kg8 29. Ne4 Qb6+ 30. Kh2 hxg2+ 31. Kxg2 Qxb2+ 32. Kg3 Qh2+ 33. Kf3 Rh3+ 34. Ng3 Qxg3+ 35. Ke4 Qxe1+ 36. Kd4 Qxe5+ 37. Qxe5 Rxe5 0-1